Report and Valuation of Lot 1799, Mukim Pulai, Johor Bahru

Bibliographic Details
Main Author: Mohd. Anuar bin A. Wahab
Corporate Author: Board of Valuers, Appraisers and Estate Agents Malaysia
Format: Book
Published: 1988
Subjects:

MARC

LEADER 00000cam a2200000 7i4500
001 0000026149
005 20150609.0
040 |a INS 
090 0 0 |a TPC66 
100 1 |a Mohd. Anuar bin A. Wahab 
245 1 0 |a Report and Valuation of Lot 1799, Mukim Pulai, Johor Bahru   |c Mohd. Anuar bin A. Wahab 
260 |c 1988 
300 |a 1 v. (Various paging) :   |b ill., map., pic. ;   |c 30 cm. 
650 0 0 |a Real estate agents   |z Malaysia 
710 1 |a Board of Valuers, Appraisers and Estate Agents Malaysia 
999 |a TPC0000118   |b BOOK   |c Course Notes   |e Default branch 
999 |a TPC0000119   |b BOOK   |c Course Notes   |e Default branch